Опыт применения сунитиниба при метастатическом почечно-клеточном раке в Центральной и Восточной Европе субанализ международного исследования расширенного доступа /
ISSN (online): 1996-1882; ISSN (print): 1726-9776
Elmentve itt :
| Szerzők: | |
|---|---|
| Dokumentumtípus: | Cikk |
| Megjelent: |
2015
|
| Sorozat: | ONKOUROLOGIYA
11 No. 3 |
| doi: | 10.17650/1726-9776-2015-11-3-101-107 |
| mtmt: | 2950702 |
| Online Access: | http://publicatio.bibl.u-szeged.hu/16829 |
| LEADER | 01217nab a2200289 i 4500 | ||
|---|---|---|---|
| 001 | publ16829 | ||
| 005 | 20190924110404.0 | ||
| 008 | 190924s2015 hu o 0|| zxx d | ||
| 022 | |a 1726-9776 | ||
| 024 | 7 | |a 10.17650/1726-9776-2015-11-3-101-107 |2 doi | |
| 024 | 7 | |a 2950702 |2 mtmt | |
| 040 | |a SZTE Publicatio Repozitórium |b hun | ||
| 041 | |a zxx | ||
| 100 | 1 | |a Vrdoljak Eduard | |
| 245 | 1 | 0 | |a Опыт применения сунитиниба при метастатическом почечно-клеточном раке в Центральной и Восточной Европе |h [elektronikus dokumentum] : |b субанализ международного исследования расширенного доступа / |c Vrdoljak Eduard |
| 260 | |c 2015 | ||
| 300 | |a 101-107 | ||
| 490 | 0 | |a ONKOUROLOGIYA |v 11 No. 3 | |
| 520 | 3 | |a ISSN (online): 1996-1882; ISSN (print): 1726-9776 | |
| 700 | 0 | 1 | |a Géczi Lajos |e aut |
| 700 | 0 | 1 | |a Mardiak Jozef |e aut |
| 700 | 0 | 1 | |a Ciuleanu Tudor-Eliade |e aut |
| 700 | 0 | 1 | |a Leyman Sophie |e aut |
| 700 | 0 | 1 | |a Zhang Ke |e aut |
| 700 | 0 | 1 | |a Sajben Peter |e aut |
| 700 | 0 | 1 | |a Torday László |e aut |
| 856 | 4 | 0 | |u http://publicatio.bibl.u-szeged.hu/16829/1/496-1145-1-SM.pdf |z Dokumentum-elérés |